00620nam a22002052a 450000100060000000300080000600500170001400800410003103500190007204000270009104100080011808200240012610000340015024500640018426000510024830000240029950400310032350400200035465000400037427262BD-RjUL20211209051131.0140324s1942 nyu 001 0 eng d a(BD-RjUL)27334 aDLCcMIAdBD-RjULbeng aeng00a910.03924bCUA 19421 aCurtiss, John Shelton,d1899-13aAn appraisal of the Protocols of Zion /cby John S. Curtiss aNew York :bColumbia University Press,cc1942. avi, 117 p. ;c21 cm aBibliography: p. 107-[112] aIncludes index. 0aProtocols of the wise men of Zion.